000 00454nam a2200181Ia 4500
005 20250423101508.0
008 250422s9999 xx 000 0 und d
020 _a0-19-424341-9
050 _aPZ 7 .L39 L69/
100 _aEscott, John
245 4 _aThe wild west
260 _aOxford
260 _bOxford Universty Press
260 _c2002
300 _a44 p
650 _aEnglish language -- Study and teaching Readers -- Stage 1
942 _cBK
999 _c36452
_d36452